00316nam a2200121 a 450000500170000000800410001702000150005805000170007310000140009024500490010426000350015344000060018820140414132106.0100902s19uu xx 00 eng d a0439425204 aFICbY3 2003 aYee, Lisa aMillicent Min :cby Lisa Yee.bgirl genius / aNew York :bScholastic,c2003. a